TEX in Practice : Volume IV: Output Routines, Tables /

Bibliographic Details
Main Author: Bechtolsheim, Stephan
Corporate Author: SpringerLink (Online service)
Format: eBook
Language:English
Published: New York, NY : Springer New York, 1993.
Series:Monographs in visual communication.
Subjects:
Online Access:Connect to the full text of this electronic book

MARC

Tag First Indicator Second Indicator Subfields
LEADER 00000cam a2200000Ma 4500
001 in00003554675
006 m o d
007 cr nn|||||||||
008 121227s1993 nyu o 000 0 eng d
005 20260420202741.8
020 |a 9781461391425 (electronic bk.) 
020 |a 1461391423 (electronic bk.) 
035 |a (OCoLC)840283006 
040 |a I9W  |b eng  |e pn  |c I9W  |d OCLCO  |d OCLCQ  |d UV0  |d GW5XE  |d OCLCF  |d UtOrBLW 
049 |a TXAM 
050 4 |a QA76.9.T48 
082 0 4 |a 005.72  |2 23 
100 1 |a Bechtolsheim, Stephan. 
245 1 0 |a TEX in Practice :  |b Volume IV: Output Routines, Tables /  |c by Stephan Bechtolsheim. 
264 1 |a New York, NY :  |b Springer New York,  |c 1993. 
300 |a 1 online resource (XXXVI, 422 pages) 
336 |a text  |b txt  |2 rdacontent 
337 |a computer  |b c  |2 rdamedia 
338 |a online resource  |b cr  |2 rdacarrier 
490 1 |a Monographs in Visual Communication, 1431-6897 
500 |a Electronic resource. 
650 0 |a Computer science. 
650 0 |a Geology. 
650 0 |a Text processing (Computer science) 
650 0 |a Biology  |x Data processing. 
650 0 |a Mathematics. 
650 0 |a Management information systems. 
650 7 |a Biology  |x Data processing.  |2 fast  |0 (OCoLC)fst00832406 
650 7 |a Computer science.  |2 fast  |0 (OCoLC)fst00872451 
650 7 |a Geology.  |2 fast  |0 (OCoLC)fst00940627 
650 7 |a Management information systems.  |2 fast  |0 (OCoLC)fst01007271 
650 7 |a Mathematics.  |2 fast  |0 (OCoLC)fst01012163 
650 7 |a Text processing (Computer science)  |2 fast  |0 (OCoLC)fst01148527 
655 7 |a Electronic books.  |2 local 
710 2 |a SpringerLink (Online service) 
830 0 |a Monographs in visual communication. 
856 4 0 |u http://proxy.library.tamu.edu/login?url=https://link.springer.com/10.1007/978-1-4613-9142-5  |z Connect to the full text of this electronic book  |t 0 
994 |a 92  |b TXA 
999 |a MARS 
999 f f |s 183c6cd7-99f2-30da-ac88-668152bf9d22  |i 4fab1c84-559f-306b-8fef-305262479e0f  |t 0 
952 f f |a Texas A&M University  |b College Station  |c Electronic Resources  |s www_evans  |d Available Online  |t 0  |e QA76.9.T48  |h Library of Congress classification 
998 f f |a QA76.9.T48  |t 0  |l Available Online